| 000 | 00940cab a2200289 4500 | ||
|---|---|---|---|
| 001 | WB3112-17 | ||
| 008 | 090401t1995 xxu||||| |||| 00| 0 eng d | ||
| 035 | _a(Sirsi) u35704 | ||
| 041 | _aeng | ||
| 245 | _aLocal government reorganisation | ||
| 260 | _c1995 | ||
| 350 | _a0 | ||
| 490 |
_aFinancial Times _v22 March 1995, 8 |
||
| 490 |
_aDoE News Release _v(139) 21 March 1995, (12) |
||
| 520 | _aExamines the proposals which complete the response to the Local Government Commission`s review confirming, with some exceptions, that most of England will be covered by two-tier authorities. | ||
| 650 | _aBERKSHIRE | ||
| 650 | _aLOCAL AUTHORITIES | ||
| 650 | _aLOCAL GOVERNMENT REORGANISATION | ||
| 650 | _aLOCAL GOVERNMENT REVIEW | ||
| 650 | _aREFORM | ||
| 650 | _aREGIONAL CENTRES | ||
| 650 | _aTWO-TIER AUTHORITIES | ||
| 650 | _aUNITARY COUNCILS | ||
| 690 | _aECONOMIC AND SOCIAL | ||
| 942 | _n0 | ||
| 948 | _c04/03/1997 | ||
| 999 |
_c23353 _d23353 |
||